000 00527cam a22002291 4500
001 sa 67005770
003 DLC
005 20260227112400.0
008 940801s1964 ii 000 0 pano
010 _asa 67005770
025 _aPL480:I-Pu-848
035 _a(OCoLC)30859950
040 _aDLC
_cCU
_dCU
_dDLC
042 _apremarc
050 0 0 _aPK2659.S74
_bD5
100 1 _aSoza, Sa.
245 1 0 _aDila patharāṃ ʻca.
260 _c[1964]
300 _a92 p.
_c18 cm.
500 _aIn Panjabi.
500 _aPoems.
999 _c75437
_d75437